The Beatitudes - Statistics

General Stats
  • This quiz has been taken 17 times
  • The average score is 6 of 8
Answer Stats
Hint Answer % Correct
blessed are the ___; for they shall Inherit the earth meek
100%
Blessed are the ____ of heart; for they shall see God clean | pure
88%
Blessed are the ___ in spirit; for theirs is the kingdom of heaven poor
88%
Blessed are they who mourn; for they shall be ___ comforted
81%
Blessed are they that suffer persecution for justice sake; for theirs is the _____ __ _____ kingdom of heaven
75%
Blessed are the ____; for they shall obtain mercy merciful
75%
Blessed are they that ____ and thirst for justice; for they shall have their fill hunger
69%
Blessed are the _____; for they shall be called children of God peacemakers
56%
No matching quizzes found
Score Distribution
Percent of People with Each Score
Percentile by Number Answered
Your Score History
You have not taken this quiz